00693nam a2200217 a 450000100060000000300080000600500170001400800390003103500190007004000370008904100080012608200200013424500660015426000560022030000310027650400300030760000390033765000220037670000380039873000390043634519BD-RjUL20211209052155.0140517s1951 mauc b 001 0 eng a(BD-RjUL)34613 aDLCcOUNdm.cdSERdBD-RjULbeng aeng a306.9bSCH 195100aSchumpeter :bsocial scientist /cedited by Seymour E. Harris aCambridge, Mass :bHarvard University Press,c1951. ax, 142 p. :bill. ;c29 cm aBibliographical footnotes10aSchumpeter, Joseph A.,d1883-1950. 0aSocial scientists1 aHarris, Seymour Edwin,d1897-19740 aReview of economics and statistics